000 00753nam a22002537a 4500
001 51017
003 UA-OsUOA
005 20201227211349.0
007 ta
008 20140717b un ||||| |||| 00| 0 ukr d
040 _aUA-OsUOA
_bukr
_cUA-OsUOA
_dUA-OsUOA
041 _aukr
080 _a09.-82-92
090 _a09.-82-92
_bО-58
100 _aОнацький Є.
245 _aСпрага справедливости
260 _aБуенос Айрес
_bПеремога
_c1950
300 _a132 с.
650 7 _a0 Загальний відділ.
_2UDC
942 _cBK
_2udc
955 _a1
999 _c431157
_d431157